Remarkable Islands - Statistics

General Stats
  • This quiz has been taken 29 times
  • The average score is 11 of 24
Answer Stats
Hint Answer % Correct
This island makes Denmark one of Europe's biggest countries. Greenland
95%
The 'other' China Taiwan
90%
Island(s) where Darwin allegedly discovered his walking rock Galapagos
75%
Thatcher defended her sheep well Falkland Islands
70%
Napoleon's 'Mock Kingdom' after Waterloo Saint Helena
65%
Sexy A-bombs Bikini Island
60%
The U.S. shares this island with her nemesis Cuba
60%
This island's smokerscough gets to it's neighbour's airlines Iceland
60%
Famous because of Disney penguins Madagascar
60%
A highrise pearl of Asia Singapore
60%
Here France and the Netherlands DO share a border St Maarten
55%
Occupied by Vikings, Russians, Dutch, English, French island now under norwegian jurisdiction Svalbard
50%
Birth island of Freddy Mercury Zanzibar
50%
A place to disappear on a holiday cruise Bermuda
40%
Lot's of space to distance yourself from inmates Australia
35%
Russia wants this present back Crimea
35%
London, Paris and Poland share this island with a Banana Kiritimati
35%
At least Mandela had seals for company Robbeneiland
25%
In name at least the place to be when the girlfriend is acting up (do not turn homosexual though) Ellan Vannin or Mannin
20%
One house defies this island's accessibility Inaccessible island
15%
Dutch elections always wait 5 hours for this elective volcano to erupt Saba
15%
These daft royalists supposedly where at 'war' with the Dutch for 335 years. Syllan
15%
This island doesn't really exist in a geographical or political sence, neighbouring countries still debate about ownership rights though North Pole
10%
Penguins living on heated ground Tierra del fuego
5%
No matching quizzes found
Score Distribution
Percent of People with Each Score
Percentile by Number Answered
Your Score History
You have not taken this quiz